Peer groups : (Record no. 9446)
[ view plain ]
| 000 -LEADER | |
|---|---|
| fixed length control field | 00637nam a22002172 4500 |
| 001 - CONTROL NUMBER | |
| control field | 0000020665 |
| 005 - DATE AND TIME OF LATEST TRANSACTION | |
| control field | 20151217152219.0 |
| 008 - FIXED-LENGTH DATA ELEMENTS--GENERAL INFORMATION | |
| fixed length control field | 111003s xx 000 0 eng d |
| 020 ## - INTERNATIONAL STANDARD BOOK NUMBER | |
| International Standard Book Number | 1412926967 : |
| 040 ## - CATALOGING SOURCE | |
| Original cataloging agency | KABU |
| Transcribing agency | KABU |
| 100 1# - MAIN ENTRY--PERSONAL NAME | |
| Personal name | SunWolf, Dr. |
| -- | 0000181155 |
| 245 10 - TITLE STATEMENT | |
| Title | Peer groups : |
| Remainder of title | expanding our study of small group communication / |
| Statement of responsibility, etc. | SunWolf. |
| 250 ## - EDITION STATEMENT | |
| Edition statement | 1st ed. |
| 260 ## - PUBLICATION, DISTRIBUTION, ETC. (IMPRINT) | |
| Place of publication, distribution, etc. | London : |
| Name of publisher, distributor, etc. | SAGE, |
| Date of publication, distribution, etc. | 2008. |
| 300 ## - PHYSICAL DESCRIPTION | |
| Extent | xvii, 222 p. |
| 650 #0 - SUBJECT ADDED ENTRY--TOPICAL TERM | |
| Topical term or geographic name as entry element | Age groups. |
| -- | 0000181156 |
| 650 #0 - SUBJECT ADDED ENTRY--TOPICAL TERM | |
| Topical term or geographic name as entry element | Small groups. |
| -- | 0000152801 |
| 852 1# - LOCATION | |
| -- | p3974.20 KES |
| 908 ## - PUT COMMAND PARAMETER (RLIN) | |
| Put command parameter | 111003 |
| 950 ## - LOCAL HOLDINGS (RLIN) | |
| -- | 1 |
| Withdrawn status | Lost status | Source of classification or shelving scheme | Not for loan | Home library | Current library | Date acquired | Total Checkouts | Full call number | Barcode | Date last seen | Date last checked out | Price effective from | Koha item type |
|---|---|---|---|---|---|---|---|---|---|---|---|---|---|
| Library of Congress Classification | Kabarak, Main Campus | Kabarak, Main Campus | 17/12/2015 | 1 | HM721 .S86 2008 c. 1 | 19463 | 15/07/2019 | 29/06/2019 | 17/12/2015 | General Collection |